000
00259nam a2200097Ia 4500
008
240331s9999 xx 000 0 und d
082
_b
WAN
100
_a
Wang, O.N.C.
245
0
_a
Fantastic modernity :
_b
dialectical readings in romanticism and theory
942
_c
L
999
_c
3148
_d
3148